|
|
|
|
| LEADER |
00636cam a2200169 7i4500 |
| 001 |
0000002722 |
| 005 |
19991025090000.0 |
| 002 |
##000003979 |
| 020 |
0 |
0 |
|a 967-947-149-7
|
| 090 |
0 |
0 |
|a 320.959
|b SOU
|
| 245 |
0 |
0 |
|a Southeast Asia and regional peace :
|b a study of the Southeast Asian concept of zone of peace freedom and neutrality (Zopfan)
|c edited by B.A Hamzah.
|
| 260 |
0 |
0 |
|a Kuala Lumpur:
|b ISIS Malaysia,
|c 1992.
|
| 300 |
0 |
0 |
|a 139p.
|
| 650 |
0 |
0 |
|a Security, International --
|z Asia, Southeastern
|
| 651 |
0 |
0 |
|a Asia, Southeastern --
|x Politic conditions
|
| 700 |
1 |
1 |
|a Hamzah,
|h B.A
|
| 999 |
|
|
|a 000004214
|b Book
|c Open shelf
|e Business Information Centre
|